000 00536cam a2200217ua 4500
020 _c13.50
041 _aeng
_h
082 _a546
_bSAT/AD
100 _aSatya Prakash, .
245 _aAdvanced inorganic chemistry /
_cSatya Prakash.
_hTextual Documents
250 _a12 /
_b.
260 _aNew Delhi :
_bShyam lal charitable trust ,
_c1968.
300 _a832 ; .
365 _a13.50
504 _a
700 1 _aBasu, S K .
700 1 _aTuli, G D .
942 _cBK
999 _c9824
_d9824